Normal view MARC view
  • Warren, Mark

Entry Nombre Personal

Number of records used in: 1

001 - NUMERO DE CONTROL

  • campo de control: 53580

003 - IDENTIFICADOR DE NUMERO DE CONTROL

  • campo de control: DLC

005 - FECHA Y HORA DE LA ÜLTIMA TRANSACCIÓN

  • campo de control: 20240913124838.0

008 - DATOS DE LONGITUD FIJA

  • campo de control de longitud fija: 870807nn acnnnaab| |a aaa

010 ## - NÚMERO DE CONTROL DE LA BIBLIOTECA DEL CONGRESO

  • Número de control LC: n 86039655

040 ## - FUENTE DE CATALOGACIÓN

  • Agencia original de catalogación: DLC
  • Agencia de transcripción: DLC
  • Agencia que lo modifica: DLC
  • Agencia que lo modifica: MX-MxUPN
  • Lenguaje de catalogación: spa

100 10 - ENCABEZAMIENTO - NOMBRE PERSONAL

  • Nombre personal: Warren, Mark
  • Fuller form of name: (Mark E.)

400 10 - VEÁSE - NOMBRE DE PERSONA

  • Personal name: Warren, Mark E.

670 ## - FUENTE EN LA QUE SE LOCALIZARON DATOS

  • Cita de la fuente: Nietzsche and political thought, c1988:
  • Información localizada: CIP t.p. (Mark Warren)

670 ## - FUENTE EN LA QUE SE LOCALIZARON DATOS

  • Cita de la fuente: Amer. Polit. Sci. Assoc. membership dir., 1980
  • Información localizada: (Warren, Mark E.)

670 ## - FUENTE EN LA QUE SE LOCALIZARON DATOS

  • Cita de la fuente: Democracy and trust, 1999:
  • Información localizada: CIP t.p. (Mark E. Warren, Georgetown Univ.) pub. data (author of Nietzsche and political thought)

670 ## - FUENTE EN LA QUE SE LOCALIZARON DATOS

  • Cita de la fuente: Deliberative democracy, 1999 :
  • Información localizada: portada (Mark. E. Warren)

902 ## - CATALOGADOR

  • Catalogador: VíctorGodínez/130924